Представление документа в формате MARC21

Поле Инд. ПП Название Значение
Тип записи a
Библиографический уровень a
001 Контрольный номер RU/IS/BASE/435240329
005 Дата корректировки 20140911132831.4
020 a ISBN 978-5-7609-0656-4
040 a Служба первич. каталог. НБ ТвГУ
b Код языка каталог. rus
e Правила каталог. PSBO
041 0_ a Код языка текста rus
100 1_ a Автор Матеев И.
245 10 a Заглавие Внешнеэкономические связи Болгарии со странами Центральной Азии
260 a Место издания Тверь
b Издательство Тверской государственный университет
c Дата издания 2011
504 a Библиография Библиогр.: с. 66 (1 назв.)
520 a Аннотация Целью доклада является обобщить исследование внешнеэкономических связей Болгарии со странами Центральной Азии.
653 a Ключевые слова Болгария
653 1_ a Ключевые слова Центральная Азия
653 1_ a Ключевые слова Экономика
653 1_ a Ключевые слова Экономические связи
653 1_ a Ключевые слова Структурные проблемы
653 1_ a Ключевые слова Труды Тверского государственного университета
773 08 w Контрольный № источника RU/IS/BASE/360410434
t Название источника Факторы развития экономики России
d Место и дата издания Тверь : Тверской государственный университет, 2011
g Прочая информация С. 63-66
901 t Тип документа a
920 a Оператор Кома